000 00593nam a2200229Ia 4500
003 OSt
005 20221005050157.0
006 a|||||r|||| 00| 0
007 ta
008 221004b |||||||| |||| 00| 0 dra d
024 _a53823
037 _cTextual
040 _aCRL
_cCRL
_bdra
041 _2dra
_adra
082 _aO3:gp,N62, 32K3
245 0 _aNovel
_ba symposium on novel
260 _aKoothattukulam
_bC.J.S.P.S
_c1963
300 _a188p.
_ccm.
650 _aDRAVIDIAN LITERATURE
942 _hO3:gp,N62, 32K3
_cTEXL
_2cc
999 _c956453
_d956453